000
00289nam a22001337a 4500
008
170823b xxu||||| |||| 00| 0 eng d
020
_a
9780471476023
041
_a
eng
080
_a
51
100
_a
38
101
_a
MAT
245
_a
DISCRETE MSTHEMTICS
_c
ENLEY.D.E
942
_2
udc
_c
BK
999
_c
24652
_d
24652